| 000 | 00776nam a22002057a 4500 | ||
|---|---|---|---|
| 999 |
_c13156 _d13156 |
||
| 003 | AR-CdUCM | ||
| 008 | 190411b ||||| |||| 00| 0 spa d | ||
| 040 |
_aMUNICIPALIDAD PROVINCIAL DEL CUSCO _cBIBLIOTECA MUNICIPAL DEL CUSCO |
||
| 082 |
_a869.15 / _bP14 / 1929 |
||
| 100 |
_aPadilla, Ezequiel _931375 |
||
| 245 |
_aEn la tribuna de la revolución : _bDiscursos / |
||
| 260 |
_aMéxico : _c1929. |
||
| 300 |
_aXII, 291 páginas ; _c21 cm. |
||
| 505 | _aContenido: El divino Urueta -- La escuela libre de derecho -- El general Don Juan Alvarez -- La libertad y el municipio -- Política y socialismo ... | ||
| 650 |
_aLiteratura Mexicana _94259 |
||
| 650 |
_aSiglo XX _98 |
||
| 700 |
_aFabela, Isidro (prólogo) _931376 |
||
| 942 |
_2ddc _cLIBROS |
||
| 945 |
_aachl _d2019-04-11 |
||